|
|
|
|
| LEADER |
00000nam a2200000 a 4500 |
| 001 |
vtls011508830 |
| 003 |
SK-MaSNL |
| 005 |
20260301040551.0 |
| 008 |
251112b19uu ru 000 0 rus |
| 015 |
|
|
|a SNBHFA19uu
|
| 020 |
|
|
|q (brož.)
|
| 035 |
|
|
|a 4D7131B8-76D9-46CE-BA6D-9560295CBE5F
|
| 035 |
|
|
|a urn:nbn:sk:snk-am3h72u
|
| 035 |
|
|
|a urn:nbn:sk:snk-am00cqui
|
| 040 |
|
|
|a SNKHFA
|b slo
|c SNK
|e AACR2
|
| 041 |
0 |
|
|a rus
|
| 044 |
|
|
|a ru
|c RU
|
| 072 |
|
7 |
|a 821.161.1
|x Ruská literatúra
|2 konspekt
|
| 080 |
|
|
|a 821.161.1
|2 2011
|
| 080 |
|
|
|a 82-32
|2 2011
|
| 100 |
1 |
|
|a Gorbunov-Posadov, Ivan
|d 1864-1940
|4 aut
|9 340931
|
| 245 |
1 |
0 |
|a Blagorodnjejšij Iz` Ljudej
|b Sbornik` pritč` i razskazov`
|c Sostavil` I. Gorbunov`-Posadov`
|
| 260 |
|
|
|a [b.m.]
|b Tipografija "Pečat' i Gravjura"
|c [b.r.]
|
| 300 |
|
|
|a 32 s.
|c 13 cm
|
| 490 |
0 |
|
|a Izdanie "Posrednika"
|v No. 400
|
| 500 |
|
|
|a Zoznam titulov v edícií za textom
|
| 500 |
|
|
|a Ilustrácia na obálkovom titulnom liste
|
| 500 |
|
|
|a Obálkový titulný list
|
| 546 |
|
|
|a Ruština
|b Azbuka
|
| 550 |
|
|
|a Impresum za textom, miesto vydania podľa tlačiarne
|
| 561 |
|
|
|a Z knižnice Dušana Makovického.
|5 SNK IE 9970
|
| 650 |
0 |
7 |
|a ruská literatúra
|2 SNKPH
|9 1204
|
| 655 |
|
7 |
|a novely
|2 SNKPH
|9 74277
|
| 700 |
1 |
|
|a Makovický, Dušan,
|d 1866-1921
|4 fmo
|9 40176
|
| 710 |
2 |
|
|a Pečat' i Gravjura (Moskva, Rusko)
|4 prt
|9 54194
|
| 752 |
|
|
|a Rusko
|d Moskva
|
| 852 |
|
|
|a snk
|b Historické fondy
|p IE 9970
|
| 958 |
|
|
|a ONDV
|
| 999 |
|
|
|c 586409
|d 588339
|
| 952 |
|
|
|t Mak 113
|a SNK
|b SNK
|c SNK_HF
|y PREZ
|7 0
|p 17A1128393
|o snkIE 9970
|i snk2016/5861
|8 5
|0 0
|1 0
|4 0
|d 2016-02-29
|f 1
|l 0
|r 2026-02-23 15:09:05
|w 2026-02-23
|